| 000 | 01035nam a22002777a 4500 | ||
|---|---|---|---|
| 005 | 20240530110449.0 | ||
| 008 | 150504s2008 ua d g b 000 0 ara d | ||
| 017 |
_a2008/11486 _bمصر . دار الكتب المصرية |
||
| 020 | _a9789776276307 | ||
| 040 | _aEG-CaGPL | ||
| 082 | 0 | 4 |
_221 _a155.23\ _bم ش |
| 100 | 0 | _aمعتز محمد عبيد | |
| 245 | 1 | 2 |
_aالشخصية السوية و اساليب التعبير عن الذات / _cتاليف معتز محمد عبيد ؛ تقديم حسن شحاته |
| 250 | _aط1 | ||
| 260 |
_aالقاهرة : _bدار العالم العربى ، _c2008 . |
||
| 300 |
_a158 ص : _bايض ؛ _c24 سم |
||
| 490 | 0 | _aالسلسلة التربوية المعاصرة | |
| 504 | _aببليوجرافية : ص 141 - 158 | ||
| 650 | 0 | 4 |
_aالشخصية _xتقييم |
| 650 | 0 | 4 | _aالشخصية السوية |
| 650 | 0 | 4 | _aالمزاج |
| 650 | 0 | 4 | _aالسلوك |
| 700 | 0 |
_aحسن شحاته _eمقدم |
|
| 942 |
_2ddc _cBK |
||
| 999 |
_c61218 _d61218 |
||